000 00208 a2200097 4500
001 13361
100 _aRaymond, R
245 _aBlack star in the wind
260 _aLondon
_bMacgibbon
_c
090 _c10377
_d10377
942 _aNUST-CAE
_cM
_c422
999 _c248434
_d248434